A treatise on the conflict of laws or Private international law (Record no. 167918)

MARC details
000 -LEADER
campo de control de longitud fija 00780nam a22001935i 4500
001 - NÚMERO DE CONTROL
campo de control 167918
003 - IDENTIFICADOR DE NÚMERO DE CONTROL
campo de control ES-MaACL
005 - FECHA Y HORA DE LA ÚLTIMA TRANSACCIÓN
campo de control 20250809024234.0
008 - DATOS DE LONGITUD FIJA--INFORMACIÓN GENERAL
campo de control de longitud fija 050930s1872 xxu | |||||||| ||eng d
040 ## - FUENTE DE CATALOGACIÓN
Centro catalogador/agencia de origen CAM
Lengua de catalogación spa
Centro/agencia transcriptor CAM
100 1# - ENTRADA PRINCIPAL--NOMBRE DE PERSONA
Nombre de persona Wharton, Francis.
9 (RLIN) 133917
245 12 - MENCIÓN DEL TÍTULO
Título A treatise on the conflict of laws or Private international law
Resto del título : including a comparative view of anglo-american, roman, german, and french jurisprudence /
Mención de responsabilidad, etc. by Francis Wharton.
260 ## - PUBLICACIÓN, DISTRIBUCIÓN, ETC.
Lugar de publicación, distribución, etc. Philadelphia :
Nombre del editor, distribuidor, etc. Kay and Brother,
Fecha de publicación, distribución, etc. 1872 (
Lugar de fabricación/manufactura Riverside, Cambridge :
Fabricante H. O. Houghton and company)
300 ## - DESCRIPCIÓN FÍSICA
Extensión XXXII, 758 p. ;
Dimensiones 24 cm.
650 #7 - PUNTO DE ACCESO ADICIONAL DE MATERIA--TÉRMINO DE MATERIA
Término de materia o nombre geográfico como elemento de entrada Derecho internacional
Fuente del encabezamiento o término embne
9 (RLIN) 11717
752 ## - ENTRADA AGREGADA--NOMBRE JERÁRQUICO DEL LUGAR
País o entidad superior Estados Unidos -
Ciudad Filadelfia
852 ## - LOCALIZACIÓN
Ubicación ES-MaACL
Número de control de estantería G-9996
Nota libre -- Enc. piel
Holdings
Estatus retirado Estado de pérdida Estado de daño No para préstamo Colección Biblioteca de origen Biblioteca actual Ubicación en estantería Fecha de adquisición Fuente de adquisición Total de préstamos Signatura topográfica completa Código de barras Visto por última vez Precio de reemplazo Tipo de ítem Koha
        Libros del s. XIX Biblioteca del Ateneo de Madrid Biblioteca del Ateneo de Madrid Sala Pecera Planta 3 17/01/2008     G-9996 1176165 23/02/2023 23/02/2023 Libro impreso antiguo